[Event "15th European Team Championshi"]
[Site "?"]
[Date "2005.08.07"]
[Round "9.1"]
[White "Wojtaszek, Radoslaw"]
[Black "Tiviakov, Sergei"]
[Result "1/2-1/2"]
[WhiteElo "2591"]
[BlackElo "2678"]
[PlyCount "109"]
[EventDate "2005.07.30"]

1. d4 Nf6 2. c4 e6 3. Nf3 b6 4. Nc3 Bb4 5. Bg5 Bb7 6. Nd2 h6 7. Bh4 Be7 8. e4
Nxe4 9. Bxe7 Nxc3 10. Bxd8 Nxd1 11. Bxc7 Nxb2 12. a4 d5 13. cxd5 exd5 14. Ra2
Nc4 15. Nxc4 dxc4 16. Bxc4 Kd7 17. Bf4 Rc8 18. Bb5+ Bc6 19. Kd2 a6 20. Bd3 Kd8
21. Re1 Bd5 22. Rb2 Nd7 23. Be5 Nxe5 24. Rxe5 Bxg2 25. Rxb6 Rc6 26. Rb1 Rf6 27.
Rg1 Bc6 28. Rxg7 Rxf2+ 29. Ke3 Rf3+ 30. Ke2 Rf6 31. Bc4 Ra7 32. Rg8+ Kd7 33.
Rf8 Bxa4 34. Rxf7+ Rxf7 35. Bxf7 Kd8 36. Bc4 Bd7 37. Ra5 Rb7 38. Rxa6 Rb2+ 39.
Ke3 Rxh2 40. Ke4 Ke7 41. Ra7 Rh4+ 42. Ke3 Rh3+ 43. Ke4 Rh4+ 44. Ke3 Rh3+ 45.
Kd2 Kd8 46. Ra8+ Ke7 47. Ra7 Kd8 48. d5 Rf3 49. d6 Rf6 50. Ra6 Bc8 51. Rb6 h5
52. Ba6 Bxa6 53. Rxa6 Kd7 54. Ke3 Rxd6 55. Rxd6+ 1/2-1/2

[Event "15th European Team Championshi"]
[Site "?"]
[Date "2005.08.07"]
[Round "9.1"]
[White "Timman, Jan"]
[Black "Markowski, Tomasz"]
[Result "1/2-1/2"]
[WhiteElo "2625"]
[BlackElo "2564"]
[PlyCount "105"]
[EventDate "2005.07.30"]

1. c4 c5 2. Nf3 g6 3. d4 Bg7 4. e4 Qb6 5. dxc5 Qxc5 6. Be2 d6 7. O-O Bg4 8. Be3
Qb4 9. Nd4 Bxe2 10. Qxe2 Nc6 11. a3 Qa5 12. Rd1 Nf6 13. Nc3 O-O 14. b4 Qe5 15.
Nxc6 bxc6 16. Bd4 Qe6 17. Rac1 Bh6 18. Be3 Bxe3 19. Qxe3 a5 20. c5 axb4 21.
axb4 dxc5 22. Qxc5 Rfd8 23. f3 h5 24. Rxd8+ Rxd8 25. Rd1 Rxd1+ 26. Nxd1 Qd7 27.
Ne3 h4 28. Nf1 Nh5 29. g3 hxg3 30. hxg3 Ng7 31. Kg2 Ne6 32. Qc3 Ng5 33. Qe3 Ne6
34. Qd2 Qxd2+ 35. Nxd2 Nd4 36. Kf2 Nc2 37. Nc4 Kf8 38. Ne5 Nxb4 39. Ke3 g5 40.
f4 f6 41. Nd7+ Ke8 42. Nc5 gxf4+ 43. gxf4 Kd8 44. Kd2 Kc7 45. Kc3 Na2+ 46. Kb2
Nb4 47. Kb3 Nd5 48. exd5 cxd5 49. Kc3 Kd6 50. Nb3 e6 51. Kd3 Ke7 52. Ke3 Kd7
53. Kf3 1/2-1/2

[Event "15th European Team Championshi"]
[Site "?"]
[Date "2005.08.07"]
[Round "9.1"]
[White "Sokolov, Ivan"]
[Black "Socko, Bartosz"]
[Result "1-0"]
[WhiteElo "2691"]
[BlackElo "2615"]
[PlyCount "103"]
[EventDate "2005.07.30"]

1. d4 Nf6 2. c4 g6 3. Nc3 Bg7 4. e4 d6 5. Bd3 O-O 6. Nge2 Nc6 7. O-O e5 8. d5
Nd4 9. Rb1 c5 10. dxc6 bxc6 11. b4 d5 12. cxd5 cxd5 13. Bg5 dxe4 14. Nxe4 Bb7
15. Nxd4 exd4 16. Rc1 Qb6 17. Nc5 Rfe8 18. a4 Nd5 19. Nxb7 Qxb7 20. Qf3 Rab8
21. Be4 Rxe4 22. Qxe4 Nc3 23. Qxb7 Rxb7 24. Rfe1 h6 25. Bd2 Rxb4 26. Re8+ Kh7
27. Re7 Kg8 28. Rxa7 Rxa4 29. Rxa4 Nxa4 30. Rc8+ Kh7 31. Rc6 Nc3 32. f3 Nd5 33.
Kf2 Nf6 34. Rd6 h5 35. Ke2 Bh8 36. Rxd4 Ng4 37. Rd7 Ne5 38. Rc7 Bf6 39. Bc3 Kg7
40. Ke3 Nd7 41. Bxf6+ Nxf6 42. Kd4 Ne8 43. Rd7 Nf6 44. Rb7 Ng8 45. Ke5 Nf6 46.
g3 Ng8 47. h3 Nf6 48. f4 Ng8 49. f5 g5 50. Rb6 Kh7 51. Rb8 Ne7 52. Ke4 1-0

[Event "15th European Team Championshi"]
[Site "?"]
[Date "2005.08.07"]
[Round "9.1"]
[White "Kempinski, Robert"]
[Black "Van Wely, Loek"]
[Result "1/2-1/2"]
[WhiteElo "2619"]
[BlackElo "2655"]
[PlyCount "97"]
[EventDate "2005.07.30"]

1. d4 Nf6 2. c4 e6 3. Nf3 d5 4. Nc3 dxc4 5. e3 a6 6. a4 c5 7. Bxc4 Nc6 8. O-O
Be7 9. b3 cxd4 10. exd4 O-O 11. Bb2 Nb4 12. Ne5 b6 13. Qe2 Bb7 14. Rac1 Nfd5
15. f4 Nxc3 16. Bxc3 b5 17. axb5 axb5 18. Bxb4 Bxb4 19. Bxb5 Qxd4+ 20. Kh1 Qd2
21. Qxd2 Bxd2 22. Rc2 Be3 23. h3 Rac8 24. Rxc8 Rxc8 25. Bc4 Ra8 26. Ng4 Bd2 27.
f5 h5 28. Ne5 Bc3 29. Nf3 exf5 30. Rd1 Bc6 31. Bd5 Bxd5 32. Rxd5 g6 33. Rd3
Ra1+ 34. Kh2 Ba5 35. Kg3 Bc7+ 36. Kf2 Bf4 37. Nd4 h4 38. b4 Bg3+ 39. Ke3 Re1+
40. Ne2 Rf1 41. Nxg3 hxg3 42. b5 f4+ 43. Ke4 f5+ 44. Ke5 f3 45. Kf6 fxg2 46.
Rd8+ Kh7 47. Rd7+ Kh6 48. Rd8 Kh7 49. Rd7+ 1/2-1/2

[Event "15th European Team Championshi"]
[Site "?"]
[Date "2005.08.07"]
[Round "9.2"]
[White "Stocek, Jiri"]
[Black "Smirin, Ilia"]
[Result "1/2-1/2"]
[WhiteElo "2592"]
[BlackElo "2652"]
[PlyCount "42"]
[EventDate "2005.07.30"]

1. d4 Nf6 2. c4 g6 3. Nc3 Bg7 4. e4 d6 5. h3 O-O 6. Bg5 Na6 7. Bd3 e5 8. d5 c6
9. Nge2 cxd5 10. Nxd5 Nc5 11. O-O Ne6 12. Nxf6+ Bxf6 13. Be3 Bg5 14. Qd2 Bxe3
15. Qxe3 Bd7 16. Rad1 Bc6 17. Bc2 Qe7 18. Rd2 a5 19. Rfd1 Rfd8 20. Nc3 Nd4 21.
Ba4 Qe6 1/2-1/2

[Event "15th European Team Championshi"]
[Site "?"]
[Date "2005.08.07"]
[Round "9.3"]
[White "Mchedlishvili, Mikheil"]
[Black "Mastrovasilis, Dimitrios"]
[Result "1/2-1/2"]
[WhiteElo "2549"]
[BlackElo "2563"]
[PlyCount "37"]
[EventDate "2005.07.30"]

1. d4 d5 2. c4 c6 3. Nf3 Nf6 4. Qb3 e6 5. Bg5 h6 6. Bh4 dxc4 7. Qxc4 b5 8. Qc2
Bb7 9. e3 Nbd7 10. Bd3 Be7 11. Qe2 a6 12. a4 O-O 13. O-O bxa4 14. Rxa4 c5 15.
Rd1 Nb6 16. Ra1 cxd4 17. Nxd4 Nfd5 18. Bxe7 Qxe7 19. Nd2 1/2-1/2

[Event "15th European Team Championshi"]
[Site "?"]
[Date "2005.08.07"]
[Round "9.3"]
[White "Kotronias, Vasilios"]
[Black "Azmaiparashvili, Zurab"]
[Result "1/2-1/2"]
[WhiteElo "2587"]
[BlackElo "2672"]
[PlyCount "182"]
[EventDate "2005.07.30"]

1. e4 c6 2. d4 d5 3. Nc3 dxe4 4. Nxe4 Bf5 5. Ng3 Bg6 6. h4 h6 7. Nf3 Nd7 8. h5
Bh7 9. Bd3 Bxd3 10. Qxd3 e6 11. Bf4 Qa5+ 12. Bd2 Qc7 13. O-O-O Ngf6 14. Ne4
O-O-O 15. g3 Nxe4 16. Qxe4 Nf6 17. Qe2 Bd6 18. c4 c5 19. Bc3 cxd4 20. Nxd4 a6
21. Kb1 Rd7 22. Rc1 Kb8 23. Nf3 Qc5 24. Rh4 Rhd8 25. b4 Qf5+ 26. Kb2 Bc7 27.
Nd4 Qh7 28. Rc2 e5 29. Nb3 Re7 30. c5 Qd3 31. a4 e4 32. Rd2 Qxe2 33. Rxe2 Be5
34. Bxe5+ Rxe5 35. Nd2 Rdd5 36. Kc2 a5 37. Nc4 axb4 38. Nxe5 Rxc5+ 39. Kb3 Rxe5
40. Kxb4 Rf5 41. Kc4 Kc7 42. Rh1 b6 43. Rb2 Rc5+ 44. Kd4 Rd5+ 45. Ke3 Rd3+ 46.
Ke2 Rc3 47. Ra1 Rc5 48. Rb5 Rc2+ 49. Ke1 Nd7 50. a5 bxa5 51. Rbxa5 Rb2 52. Ra7+
Kc6 53. Rc1+ Nc5 54. Ra5 Rb5 55. Rxb5 Kxb5 56. Ra1 Kc6 57. Ra7 Nd7 58. Ke2 Kd6
59. Ke3 Ke6 60. Kf4 Nc5 61. Rc7 Nd7 62. g4 Ne5 63. Ra7 Nd3+ 64. Ke3 Ne5 65.
Ra6+ Kd5 66. Kf4 Nd3+ 67. Kg3 Ke5 68. Ra8 Nc5 69. Ra5 Kd6 70. Ra7 Ke6 71. Rc7
Nd3 72. Rc8 Kf6 73. Re8 Nc5 74. Kf4 Nd3+ 75. Ke3 Ne5 76. Kxe4 Nxg4 77. Kf4 Nxf2
78. Re3 g6 79. Rf3 Nd1 80. Ke4+ Kg5 81. hxg6 fxg6 82. Kd4 Nb2 83. Rf1 h5 84.
Rb1 h4 85. Rxb2 Kf4 86. Rf2+ Kg3 87. Ke3 h3 88. Rf3+ Kg2 89. Rf2+ Kg3 90. Rf3+
Kg2 91. Rf2+ Kg3 1/2-1/2

[Event "15th European Team Championshi"]
[Site "?"]
[Date "2005.08.07"]
[Round "9.3"]
[White "Jobava, Baadur"]
[Black "Papaioannou, Ioannis"]
[Result "1/2-1/2"]
[WhiteElo "2621"]
[BlackElo "2578"]
[PlyCount "123"]
[EventDate "2005.07.30"]

1. d4 Nf6 2. c4 e6 3. Nf3 c5 4. d5 exd5 5. cxd5 d6 6. Nc3 g6 7. Qa4+ Nbd7 8.
Bf4 a6 9. e3 Be7 10. Bh6 Bf8 11. Bxf8 Kxf8 12. Qf4 Qe7 13. Qh6+ Kg8 14. a4 Ng4
15. Qf4 Ngf6 16. Be2 Kg7 17. O-O Re8 18. Nd2 Rb8 19. e4 Ne5 20. Qg3 b5 21. axb5
axb5 22. f4 Nc4 23. Bxc4 bxc4 24. Rae1 Nh5 25. Qf3 Rxb2 26. Nxc4 Rb4 27. Na5
Qf6 28. Nc6 Rb3 29. Re3 Bd7 30. e5 dxe5 31. fxe5 Qxf3 32. Rexf3 f6 33. Na5 Rb4
34. e6 Bxe6 35. dxe6 Rxe6 36. Nd5 Ra4 37. Nb7 Ra7 38. Nxc5 Re5 39. Rd1 Ra5 40.
Rc3 f5 41. Nc7 Nf4 42. Rc4 Raxc5 43. Rd7+ Kh6 44. Rxf4 Rc2 45. Nd5 Ree2 46. Kf1
Red2 47. Re7 Rd1+ 48. Re1 Rxd5 49. Re2 Rc7 50. Kf2 Rcd7 51. Ra4 Kg5 52. Ra3 h5
53. Rg3+ Kf6 54. Ra3 h4 55. Ra6+ Kg5 56. h3 Rb5 57. Ree6 Rb2+ 58. Re2 Rb1 59.
Ree6 Rg7 60. Reb6 Rxb6 61. Rxb6 Ra7 62. Rb4 1/2-1/2

[Event "15th European Team Championshi"]
[Site "?"]
[Date "2005.08.07"]
[Round "9.3"]
[White "Banikas, Hristos"]
[Black "Pantsulaia, Levan"]
[Result "1-0"]
[WhiteElo "2548"]
[BlackElo "2510"]
[PlyCount "55"]
[EventDate "2005.07.30"]

1. d4 Nf6 2. c4 e6 3. Nf3 c5 4. d5 exd5 5. cxd5 d6 6. e4 g6 7. h3 a6 8. Bd3 b5
9. a4 b4 10. Nbd2 Bg7 11. O-O O-O 12. Nc4 a5 13. Bf4 Ne8 14. Rc1 Ba6 15. b3
Bxc4 16. Bxc4 Nd7 17. Re1 Qe7 18. Bb5 Rd8 19. Bxd7 Qxd7 20. e5 dxe5 21. Nxe5
Bxe5 22. Rxe5 f6 23. Re2 Qf5 24. Bh6 Rxd5 25. Qe1 Ng7 26. Re7 Rd7 27. Rd1 Rfd8
28. Rxg7+ 1-0

[Event "15th European Team Championshi"]
[Site "?"]
[Date "2005.08.07"]
[Round "9.4"]
[White "Lautier, Joel"]
[Black "Markus, Robert"]
[Result "1-0"]
[WhiteElo "2672"]
[BlackElo "2591"]
[PlyCount "45"]
[EventDate "2005.07.30"]

1. d4 Nf6 2. c4 e6 3. Nf3 b6 4. g3 Ba6 5. Qb3 Nc6 6. Nbd2 Na5 7. Qc3 d5 8. c5
c6 9. b4 Nc4 10. Nxc4 dxc4 11. Qc2 Nd5 12. Bd2 Qf6 13. Rc1 Be7 14. Bg2 Qg6 15.
Ne5 Qxc2 16. Rxc2 Bf6 17. Nxc6 Kd7 18. a4 Kxc6 19. b5+ Bxb5 20. axb5+ Kxb5 21.
e4 Nc7 22. e5 Be7 23. Rb2+ 1-0

[Event "15th European Team Championshi"]
[Site "?"]
[Date "2005.08.07"]
[Round "9.4"]
[White "Ivanisevic, Ivan"]
[Black "Fressinet, Laurent"]
[Result "0-1"]
[WhiteElo "2577"]
[BlackElo "2627"]
[PlyCount "84"]
[EventDate "2005.07.30"]

1. d4 d5 2. c4 c6 3. Nf3 Nf6 4. Nc3 dxc4 5. a4 Bf5 6. Nh4 Bd7 7. e3 e6 8. Bxc4
c5 9. O-O Nc6 10. Nf3 Be7 11. Qe2 cxd4 12. exd4 Nb4 13. Ne5 O-O 14. Rd1 Bc6 15.
a5 Rc8 16. Nxc6 bxc6 17. Bf4 Bd6 18. Be5 Rb8 19. g3 Nbd5 20. Bxd5 cxd5 21. Nb5
Bxe5 22. dxe5 Nd7 23. Nxa7 Qc7 24. Nb5 Qxe5 25. Qxe5 Nxe5 26. Nd4 Rxb2 27. Rdb1
Rxb1+ 28. Rxb1 Ra8 29. a6 Kf8 30. Ra1 Ke7 31. a7 Kd7 32. Nb5 Kc6 33. Rb1 Nf3+
34. Kg2 Nd2 35. Rb2 Nc4 36. Rb1 e5 37. f4 f6 38. Kf2 Kc5 39. fxe5 fxe5 40. Nc3
Rxa7 41. Rb8 Nd6 42. Rd8 d4 0-1

[Event "15th European Team Championshi"]
[Site "?"]
[Date "2005.08.07"]
[Round "9.4"]
[White "Bauer, Christian"]
[Black "Solak, Dragan"]
[Result "1-0"]
[WhiteElo "2641"]
[BlackElo "2557"]
[PlyCount "129"]
[EventDate "2005.07.30"]

1. d4 d5 2. Nf3 Nf6 3. c4 c6 4. Nc3 dxc4 5. a4 Bf5 6. Ne5 e6 7. f3 Bb4 8. Bg5
c5 9. dxc5 Qa5 10. Qd4 Bxc5 11. Qxc4 O-O 12. e4 Bg6 13. Nd3 Bf2+ 14. Kxf2 Qxg5
15. Qc5 Qh6 16. h4 Nfd7 17. Qe3 Qxe3+ 18. Kxe3 f6 19. Nb5 Nc6 20. Rc1 Rab8 21.
Nf4 Bf7 22. Bc4 Nc5 23. Nd6 g5 24. hxg5 fxg5 25. Nd3 Nxd3 26. Bxd3 Bg6 27. Bb5
a6 28. Bc4 Rf6 29. Rhd1 Kg7 30. Bxa6 bxa6 31. Rxc6 Rxb2 32. Rc7+ Kg8 33. Rd2
Rxd2 34. Kxd2 g4 35. Ke3 gxf3 36. gxf3 h5 37. f4 h4 38. Rc1 Bh7 39. Rh1 Rh6 40.
Kf3 Kf8 41. Rh2 Ke7 42. Nc4 Bg6 43. Ne5 Bh5+ 44. Ng4 Bxg4+ 45. Kxg4 Rg6+ 46.
Kxh4 Kf6 47. Rb2 Rg1 48. Rb7 a5 49. Rb5 Re1 50. Re5 Re3 51. Kg4 Kf7 52. f5
exf5+ 53. Kxf5 Rh3 54. Kf4 Rh4+ 55. Ke3 Rh1 56. Rxa5 Ke6 57. Ra8 Re1+ 58. Kd4
Rd1+ 59. Kc3 Rc1+ 60. Kd2 Ra1 61. a5 Ke5 62. a6 Kd4 63. a7 Ra2+ 64. Kc1 Kc3 65.
Rc8+ 1-0

[Event "15th European Team Championshi"]
[Site "?"]
[Date "2005.08.07"]
[Round "9.5"]
[White "Palac, Mladen"]
[Black "Eljanov, Pavel"]
[Result "1/2-1/2"]
[WhiteElo "2566"]
[BlackElo "2639"]
[PlyCount "46"]
[EventDate "2005.07.30"]

1. e4 c5 2. Nf3 Nc6 3. d4 cxd4 4. Nxd4 Nf6 5. Nc3 e5 6. Ndb5 d6 7. Bg5 a6 8.
Na3 b5 9. Nd5 Be7 10. Bxf6 Bxf6 11. c3 O-O 12. Nc2 Rb8 13. h4 Be7 14. Nce3 Be6
15. Bd3 Qd7 16. Nf5 Kh8 17. a4 Bd8 18. h5 bxa4 19. Qxa4 Rxb2 20. Qa3 Rb8 21.
Qxd6 Qxd6 22. Nxd6 a5 23. O-O Bg5 1/2-1/2

[Event "15th European Team Championshi"]
[Site "?"]
[Date "2005.08.07"]
[Round "9.5"]
[White "Ivanchuk, Vassily"]
[Black "Kozul, Zdenko"]
[Result "1/2-1/2"]
[WhiteElo "2752"]
[BlackElo "2585"]
[PlyCount "28"]
[EventDate "2005.07.30"]

1. e4 c5 2. Nf3 d6 3. d4 cxd4 4. Nxd4 Nf6 5. f3 Nc6 6. Nc3 Qb6 7. Be3 e5 8. Nf5
Qxb2 9. Nb5 Bxf5 10. exf5 Rc8 11. Rb1 Qxa2 12. Ra1 Qb2 13. Rb1 Qa2 14. Ra1 Qb2
1/2-1/2

[Event "15th European Team Championshi"]
[Site "?"]
[Date "2005.08.07"]
[Round "9.6"]
[White "Ruck, Robert"]
[Black "Gashimov, Vugar"]
[Result "1/2-1/2"]
[WhiteElo "2546"]
[BlackElo "2594"]
[PlyCount "42"]
[EventDate "2005.07.30"]

1. Nf3 c5 2. c4 Nc6 3. Nc3 e5 4. e3 Nf6 5. Be2 d5 6. d4 cxd4 7. exd4 exd4 8.
Nxd4 Bb4 9. O-O O-O 10. Bg5 dxc4 11. Nxc6 bxc6 12. Qxd8 Rxd8 13. Bxc4 Bxc3 14.
bxc3 Be6 15. Bxe6 fxe6 16. Rfe1 Kf7 17. Rab1 Rab8 18. Be3 Nd5 19. Rxb8 Rxb8 20.
Bxa7 Ra8 21. Bd4 Rxa2 1/2-1/2

[Event "15th European Team Championshi"]
[Site "?"]
[Date "2005.08.07"]
[Round "9.6"]
[White "Guseinov, Gadir"]
[Black "Balogh, Csaba"]
[Result "0-1"]
[WhiteElo "2585"]
[BlackElo "2537"]
[PlyCount "120"]
[EventDate "2005.07.30"]

1. e4 c5 2. Nf3 d6 3. d4 cxd4 4. Nxd4 Nf6 5. Nc3 Nc6 6. Bg5 e6 7. Qd2 Be7 8.
O-O-O Qb6 9. f3 Qxd4 10. Qxd4 Nxd4 11. Rxd4 a6 12. Na4 Nd7 13. Bxe7 Kxe7 14.
Be2 e5 15. Rb4 b5 16. Nc3 Nb6 17. a4 Be6 18. f4 exf4 19. axb5 axb5 20. Rf1 g5
21. b3 Ra1+ 22. Kd2 Rxf1 23. Bxf1 Nd7 24. Rxb5 Ne5 25. h3 h5 26. Rb7+ Kf6 27.
Rb6 Rd8 28. Nd5+ Bxd5 29. exd5 Kf5 30. Bd3+ Nxd3 31. Kxd3 Rd7 32. b4 Ke5 33.
Ra6 Rb7 34. c3 f6 35. Ra5 Rb8 36. Kc4 g4 37. hxg4 hxg4 38. b5 g3 39. Kd3 f3 40.
gxf3 Kf4 41. Ke2 Re8+ 42. Kf1 Kxf3 43. Ra2 Re3 44. Rb2 Rxc3 45. Rb1 Rc7 46.
Rb3+ Ke4 47. Kg2 Kxd5 48. Kxg3 Kc4 49. Rf3 Kxb5 50. Rxf6 d5 51. Kf2 Re7 52. Rf8
d4 53. Rc8 Kb4 54. Rc1 d3 55. Rc8 d2 56. Rd8 Kc3 57. Rc8+ Kb2 58. Rb8+ Kc2 59.
Rc8+ Kd1 60. Rh8 Rc7 0-1

[Event "15th European Team Championshi"]
[Site "?"]
[Date "2005.08.07"]
[Round "9.7"]
[White "Mikhalchishin, Adrian"]
[Black "Dautov, Rustem"]
[Result "1/2-1/2"]
[WhiteElo "2526"]
[BlackElo "2595"]
[PlyCount "46"]
[EventDate "2005.07.30"]

1. e4 c6 2. d4 d5 3. exd5 cxd5 4. c4 Nf6 5. Nc3 e6 6. Nf3 Bb4 7. Bd3 dxc4 8.
Bxc4 O-O 9. O-O a6 10. Bg5 b5 11. Bd3 Be7 12. a4 b4 13. Ne4 Bb7 14. Qc2 Nxe4
15. Bxe4 Bxe4 16. Qxe4 Nd7 17. Bxe7 Qxe7 18. Rfc1 Nf6 19. Qe2 Qb7 20. Rc5 Rfc8
21. Ne5 Ne4 22. Rcc1 Rxc1+ 23. Rxc1 Nd6 1/2-1/2

[Event "15th European Team Championshi"]
[Site "?"]
[Date "2005.08.07"]
[Round "9.7"]
[White "Kritz, Leonid"]
[Black "Borisek, Jure"]
[Result "0-1"]
[WhiteElo "2544"]
[BlackElo "2509"]
[PlyCount "94"]
[EventDate "2005.07.30"]

1. e4 e5 2. Nf3 Nc6 3. Bb5 a6 4. Ba4 Nf6 5. O-O Be7 6. Re1 b5 7. Bb3 d6 8. c3
O-O 9. h3 Nb8 10. d4 Nbd7 11. Nbd2 Bb7 12. Bc2 Re8 13. Nf1 Bf8 14. Ng3 g6 15.
a4 c5 16. d5 c4 17. Bg5 h6 18. Be3 Nc5 19. Qd2 h5 20. Bg5 Be7 21. Qe3 Rb8 22.
axb5 axb5 23. Ra3 Nh7 24. Bh6 Bc8 25. Rea1 Bd7 26. Kh2 Bf6 27. Ra7 Qb6 28. Nd2
Rb7 29. Rxb7 Qxb7 30. f4 exf4 31. Bxf4 Qc7 32. Nf3 h4 33. Nf1 Bg7 34. Bh6 Nf6
35. Bxg7 Kxg7 36. N1d2 Nxd5 37. Qg5 Nf6 38. Qxh4 Bc6 39. Re1 Ncxe4 40. Bxe4 d5+
41. Kh1 dxe4 42. Nd4 e3 43. Nf5+ gxf5 44. Qg5+ Kf8 45. Qxf6 Qg3 46. Qh6+ Kg8
47. Rg1 e2 0-1

[Event "15th European Team Championshi"]
[Site "?"]
[Date "2005.08.07"]
[Round "9.7"]
[White "Graf, Alexander"]
[Black "Pavasovic, Dusko"]
[Result "1-0"]
[WhiteElo "2605"]
[BlackElo "2566"]
[PlyCount "105"]
[EventDate "2005.07.30"]

1. d4 d5 2. Nf3 e6 3. g3 Nf6 4. Bg2 Nbd7 5. O-O Be7 6. c4 c6 7. Qc2 O-O 8. b3
b6 9. Rd1 Bb7 10. Nc3 Qc7 11. Bf4 Bd6 12. Bxd6 Qxd6 13. e4 Nxe4 14. Nxe4 dxe4
15. Qxe4 Nf6 16. Qe3 a5 17. Ne5 Rfd8 18. Rd2 Rac8 19. Rad1 Qe7 20. h4 h6 21.
Bf3 Rd6 22. Qf4 Rcd8 23. a3 c5 24. Bxb7 Qxb7 25. dxc5 Rxd2 26. Rxd2 Rxd2 27.
Qxd2 bxc5 28. Qxa5 Qxb3 29. Qa8+ Kh7 30. Nxf7 Kg6 31. Ne5+ Kf5 32. Nf3 Qxc4 33.
Qb8 Qe4 34. Nd2 Qe1+ 35. Nf1 Kg6 36. Qf4 e5 37. Qc4 Qa5 38. a4 Qb4 39. Ne3 Qxc4
40. Nxc4 Kf5 41. a5 Nd5 42. a6 Nc7 43. a7 Ke6 44. Kf1 Kd5 45. Ne3+ Ke4 46. Ke2
g6 47. Nc4 Na8 48. Nd6+ Kd5 49. Nf7 h5 50. Nh8 g5 51. hxg5 Ke6 52. Kd3 Nb6 53.
Ke4 1-0

[Event "15th European Team Championshi"]
[Site "?"]
[Date "2005.08.07"]
[Round "9.8"]
[White "Timofeev, Artyom"]
[Black "Hillarp Persson, Tiger"]
[Result "0-1"]
[WhiteElo "2661"]
[BlackElo "2511"]
[PlyCount "96"]
[EventDate "2005.07.30"]

1. e4 g6 2. d4 Bg7 3. Nc3 d6 4. Be3 a6 5. Qd2 Nd7 6. h4 h5 7. Nh3 b5 8. Ng5 c6
9. a4 Bb7 10. f3 Ngf6 11. Bd3 O-O 12. O-O e5 13. axb5 exd4 14. Bxd4 axb5 15.
Rxa8 Qxa8 16. Ne2 Qb8 17. Bf2 Ne5 18. Nd4 d5 19. b4 c5 20. bxc5 dxe4 21. Bxe4
Bxe4 22. Nxe4 Nxe4 23. fxe4 Ng4 24. Nf3 Rd8 25. Qe2 Bf8 26. e5 Qc8 27. e6 Qxe6
28. Qxe6 fxe6 29. Ng5 e5 30. Ne6 Rc8 31. Re1 Be7 32. g3 Kf7 33. Ng5+ Bxg5 34.
hxg5 Ke6 35. Bd4 Kd5 36. Bb2 Rxc5 37. Re2 Ke6 38. Bc1 b4 39. Bb2 Kf5 40. Rd2
Kxg5 41. Kg2 Kf5 42. Kf3 e4+ 43. Ke2 e3 44. Bd4 Rc4 45. Bxe3 Re4 46. Rd5+ Ke6
47. Rd3 g5 48. Kf3 Rxe3+ 0-1

[Event "15th European Team Championshi"]
[Site "?"]
[Date "2005.08.07"]
[Round "9.8"]
[White "Agrest, Evgenij"]
[Black "Svidler, Peter"]
[Result "0-1"]
[WhiteElo "2592"]
[BlackElo "2738"]
[PlyCount "98"]
[EventDate "2005.07.30"]

1. d4 g6 2. c4 Bg7 3. Nf3 Nf6 4. Nc3 O-O 5. Bg5 c5 6. d5 d6 7. e3 h6 8. Bh4 a6
9. Nd2 Nbd7 10. a4 Qb6 11. Ra3 Re8 12. Be2 e6 13. O-O exd5 14. cxd5 Ne5 15. Bg3
Qc7 16. h3 g5 17. f4 gxf4 18. exf4 Ng6 19. f5 Ne7 20. Bd3 Nexd5 21. Nxd5 Nxd5
22. Nc4 Qc6 23. f6 Nxf6 24. Nxd6 Be6 25. Nxe8 Rxe8 26. Bh4 Bd5 27. Bc2 Ne4 28.
Raf3 Ng5 29. Rg3 Re5 30. Bxg5 hxg5 31. Qh5 Qh6 32. Qg4 c4 33. Qc8+ Bf8 34. Qd8
Kg7 35. a5 Be7 36. Qc8 Qe6 37. Qxe6 Bxe6 38. b3 Rxa5 39. bxc4 Bxc4 40. Bd3 Be6
41. Be4 b5 42. Rb1 b4 43. Bc2 Ra2 44. Bb3 Ra3 45. Kf2 a5 46. Rf3 Rxb3 47. Rfxb3
Bxb3 48. Rxb3 a4 49. Rb1 a3 0-1

[Event "15th European Team Championshi"]
[Site "?"]
[Date "2005.08.07"]
[Round "9.9"]
[White "Seeman, Tarvo"]
[Black "Anastasian, Ashot"]
[Result "0-1"]
[WhiteElo "2405"]
[BlackElo "2595"]
[PlyCount "136"]
[EventDate "2005.07.30"]

1. e4 c5 2. Nc3 Nc6 3. Nf3 d6 4. d4 cxd4 5. Nxd4 Nf6 6. f3 Qb6 7. Nb3 e6 8. Qe2
a6 9. Be3 Qc7 10. g4 h6 11. O-O-O b5 12. h4 Bb7 13. Kb1 Be7 14. Qg2 g6 15. g5
hxg5 16. hxg5 Rxh1 17. Qxh1 Nh5 18. Qg1 b4 19. Na4 Ne5 20. Be2 Bc6 21. Nb6 Rb8
22. Rc1 Bd8 23. Nc4 Bb5 24. Nxe5 Bxe2 25. Nd4 Bb5 26. Nxb5 Rxb5 27. Nd3 Qb7 28.
b3 a5 29. Rd1 Be7 30. Nb2 d5 31. exd5 Rxd5 32. Nc4 Ng7 33. Bc1 Nf5 34. f4 Rxd1
35. Qxd1 Qd5 36. Qf1 Nd4 37. Bb2 Nc6 38. a4 bxa3 39. Nxa3 Bd6 40. Nc4 Bc7 41.
Ba3 Nb4 42. Bxb4 axb4 43. Nb2 Qd4 44. Nd3 Kf8 45. Qf3 Kg7 46. Qg3 Bb8 47. Qf3
Bc7 48. Qe2 Bb8 49. Qf3 Bc7 50. Qe2 Bb8 51. Qf3 Bd6 52. Qg3 Bf8 53. Qe1 Kg8 54.
Qf2 Qe4 55. Qe1 Qf3 56. Qd2 Bg7 57. Ne5 Qe4 58. Qh2 Qe3 59. Kb2 Bxe5+ 60. fxe5
Qxg5 61. c3 bxc3+ 62. Kxc3 Qe3+ 63. Kc4 g5 64. b4 g4 65. b5 g3 66. Qg2 Qf2 67.
Qa8+ Kg7 68. Qd8 Qf4+ 0-1

[Event "15th European Team Championshi"]
[Site "?"]
[Date "2005.08.07"]
[Round "9.9"]
[White "Akopian, Vladimir"]
[Black "Kulaots, Kaido"]
[Result "1-0"]
[WhiteElo "2705"]
[BlackElo "2570"]
[PlyCount "69"]
[EventDate "2005.07.30"]

1. e4 c5 2. Nf3 d6 3. d4 cxd4 4. Nxd4 Nf6 5. Nc3 a6 6. Be3 e6 7. f3 b5 8. g4
Nfd7 9. Qd2 Nb6 10. O-O-O N8d7 11. Ndxb5 axb5 12. Nxb5 Ba6 13. Nxd6+ Bxd6 14.
Qxd6 Nc4 15. Bxc4 Bxc4 16. Qd4 Be2 17. Qxg7 Rf8 18. Bc5 Bxd1 19. Rxd1 Qf6 20.
Qxf6 Nxf6 21. Bxf8 Kxf8 22. a3 Ke7 23. Rd4 Nd7 24. h3 e5 25. Rd3 Nf8 26. b4 Ne6
27. Kb2 Rd8 28. Rd5 Rxd5 29. exd5 Nd4 30. a4 Kd6 31. c4 Nxf3 32. a5 e4 33. c5+
Kc7 34. d6+ Kd7 35. a6 1-0

[Event "15th European Team Championshi"]
[Site "?"]
[Date "2005.08.07"]
[Round "9.10"]
[White "Nevednichy, Vladislav"]
[Black "Nedev, Trajce"]
[Result "1-0"]
[WhiteElo "2583"]
[BlackElo "2530"]
[PlyCount "81"]
[EventDate "2005.07.30"]

1. c4 e5 2. Nc3 Nc6 3. g3 Bc5 4. Bg2 d6 5. Nf3 Nge7 6. O-O O-O 7. d3 a6 8. a3
Rb8 9. b4 Ba7 10. b5 axb5 11. cxb5 Nd4 12. Nd2 Bg4 13. h3 Bh5 14. a4 c6 15. g4
Bg6 16. Nc4 Bc5 17. e3 Ne6 18. Rb1 f5 19. gxf5 Bxf5 20. Ne4 Qd7 21. bxc6 bxc6
22. Rxb8 Rxb8 23. Nxc5 Nxc5 24. d4 exd4 25. exd4 Nd3 26. Ba3 d5 27. Nd6 Ng6 28.
Nxf5 Qxf5 29. Bd6 Rb2 30. a5 Ngf4 31. Qg4 Ne2+ 32. Kh2 Qxg4 33. hxg4 Nxd4 34.
Ra1 Nb5 35. a6 Nxf2 36. Kg3 Kf7 37. a7 Nxa7 38. Rxa7+ Ke6 39. Bf8 Nxg4 40. Bxg7
Ne5 41. Bh3+ 1-0

[Event "15th European Team Championshi"]
[Site "?"]
[Date "2005.08.07"]
[Round "9.10"]
[White "Lupulescu, Constantin"]
[Black "Stamenkov, Vanco"]
[Result "1/2-1/2"]
[WhiteElo "2542"]
[BlackElo "2391"]
[PlyCount "41"]
[EventDate "2005.07.30"]

1. e4 c5 2. Nf3 Nc6 3. d4 cxd4 4. Nxd4 Nf6 5. Nc3 e5 6. Ndb5 d6 7. Bg5 a6 8.
Na3 b5 9. Bxf6 gxf6 10. Nd5 Bg7 11. c3 f5 12. Bd3 Be6 13. Nxb5 Bxd5 14. exd5
Ne7 15. Na3 O-O 16. O-O e4 17. Bc2 Qb6 18. Rb1 Qc5 19. Bb3 a5 20. Kh1 f4 21.
Qe2 1/2-1/2

[Event "15th European Team Championshi"]
[Site "?"]
[Date "2005.08.07"]
[Round "9.10"]
[White "Kizov, Atanas"]
[Black "Parligras, Mircea"]
[Result "1/2-1/2"]
[WhiteElo "2418"]
[BlackElo "2571"]
[PlyCount "57"]
[EventDate "2005.07.30"]

1. d4 Nf6 2. c4 e6 3. Nf3 b6 4. a3 Bb7 5. Nc3 d5 6. Bg5 dxc4 7. e3 Be7 8. Bxc4
O-O 9. O-O Nbd7 10. Qe2 Ne4 11. Nxe4 Bxe4 12. Bxe7 Qxe7 13. Rac1 Rfd8 14. Bb5
c5 15. dxc5 Nxc5 16. Rfd1 Rxd1+ 17. Rxd1 a6 18. Bc4 b5 19. Ba2 Rc8 20. Ne1 Bb7
21. f3 Rd8 22. b4 Na4 23. Bb3 Nb6 24. Rxd8+ Qxd8 25. Qd3 Qh4 26. g3 Qe7 27. e4
Kf8 28. Kf2 Qc7 29. Qc2 1/2-1/2